000 02234nam0a2200361 4500
001 RU\NLR\BIBL_A\022749091
005 20260622110804.0
010 _a978-5-908023-07-8
_9335
021 _aRU
_bКН-П-26-000772
_9КН-П-26-0073
035 _a(NLR Aleph) 022749091
090 _a13733758
_c13733758
100 _a20260310d2025 k y0rusy50 ca
101 0 _arus
102 _aRU
105 _aach z 110zy
181 0 _ai3
_baxxe
182 0 _an
200 1 _aВеликая Отечественная война 1941-1945 гг.
_eвзгляд из XXI века
_eсборник статей
_eматериалы Международной научно-практической конференции, посвященной 80-летию Победы (Ижевск, 10 апреля 2025 г.)
_fПравительство Удмуртской Республики, Комитет по делам архивов при Правительстве Удмуртской Республики [и др.]
_gредакционная коллегия: Бехтерева Л.Н. [и др.]
203 _aТекст
_bвизуальный
_cнепосредственный
210 _aИжевск
_cУдмФИЦ УрО РАН
_d2025
215 _a667 с.
_cил., портр., факс.
_d21
300 _aНа обл.: Победа! 80
320 _aБиблиогр. в конце ст.
606 1 _aВеликая Отечественная война
_z1941 - 1945
_jСъезды, совещания и т.п
_2nlr_sh1
_2nlr_sh2
_3RU\NLR\AUTH\668893
686 1 _aЦ35(2)722я431(0)
686 1 _aТ3(2)722я431(0)
702 1 _aБехтерева
_bЛ. Н.
_gЛюдмила Николаевна
_4340
711 1 2 _a"Великая Отечественная война 1941-1945 гг.: взгляд из XXI века (к 80-летию Победы", международная научно-практическая конференция
_f2025
_eИжевск
_3RU\NLR\AUTH\880640267
712 0 1 _aУдмуртская Республика
_bКомитет по делам архивов
_3RU\NLR\AUTH\889931887
_4570
942 _cBOOK
980 _aNB